000 00809nam a22002057a 4500
999 _c13442
_d13442
008 190318b ||||| |||| 00| 0 eng d
020 _a9781443875103
082 _22015
_aAV-Eb 860.998
_bS211
100 _aQuinn-Sánchez, Kathryn.
_937618
245 _aNegotiating latinidades, understanding identities within space /
_cedited by Kathryn Quinn-Sánchez.
250 _aFirst Edition
260 _bCambridge Scholars Publishing,
_c©2015.
300 _a147 pages;
500 _aIncludes index.
650 _aLatin American literature -- History and criticism.
_937619
650 _aLiterature and society -- Latin America.
_937620
700 _aQuinn-Sánchez, Kathryn.editor
_937621
856 _yhttps://ebookcentral.proquest.com/lib/uniofmindanao-ebooks/detail.action?docID=2076776
942 _2ddc
_cEB